LEADER 00950nam0-22002891i-450- 001 990000126070403321 035 $a000012607 035 $aFED01000012607 035 $a(Aleph)000012607FED01 035 $a000012607 100 $a20011111d--------km-y0itay50------ba 101 0 $aita 105 $ay-------001yy 200 1 $aCollezione di pavimenti classici a mosaico delle migliori epoche dell'arte esistenti in Roma e misurati dal vero$fper cura di Giovanni Stern. 210 $aTorino$cItala ars$d1889 215 $a25 tav.$cill.$d55 cm 610 0 $aPavimenti romani 676 $a729.7 700 1$aStern,$bGiovanni$08228 801 0$aIT$bUNINA$gRICA$2UNIMARC 901 $aBK 912 $a990000126070403321 952 $a13 AR 5 C 29$b3418$fFINBC 959 $aFINBC 996 $aCollezione di pavimenti classici a mosaico delle migliori epoche dell'arte esistenti in Roma e misurati dal vero$9114317 997 $aUNINA DB $aING01 LEADER 02922nam 2200721 a 450 001 9910458127903321 005 20200520144314.0 010 $a1-281-29499-3 010 $a9786611294991 010 $a1-84714-149-8 035 $a(CKB)1000000000399523 035 $a(EBL)436215 035 $a(OCoLC)229445688 035 $a(SSID)ssj0000198501 035 $a(PQKBManifestationID)11187602 035 $a(PQKBTitleCode)TC0000198501 035 $a(PQKBWorkID)10171511 035 $a(PQKB)10429523 035 $a(MiAaPQ)EBC436215 035 $a(Au-PeEL)EBL436215 035 $a(CaPaEBR)ebr10224802 035 $a(CaONFJC)MIL129499 035 $a(OCoLC)893334011 035 $a(EXLCZ)991000000000399523 100 $a20060908d2006 uy 0 101 0 $aeng 135 $aurcn||||||||| 181 $ctxt 182 $cc 183 $acr 200 10$aMasculinity in fiction and film$b[electronic resource] $erepresenting men in popular genres, 1945-2000 /$fBrian Baker 210 $aLondon ;$aNew York $cContinuum$dc2006 215 $a1 online resource (186 p.) 225 1 $aContinuum literary studies 300 $aDescription based upon print version of record. 311 $a1-84706-262-8 311 $a0-8264-8652-5 320 $aIncludes bibliographical references (p. [158]-168) and index. 327 $aContents; Acknowledgements; Introduction; CHAPTER ONE: Cold Warriors; CHAPTER TWO: Soldier, Spy; CHAPTER THREE: Operatives; CHAPTER FOUR: The Psycho in the Grey Flannel Suit; CHAPTER FIVE: Rogue Cops I: San Francisco; CHAPTER SIX: Rogue Cops II: Los Angeles; CHAPTER SEVEN: Old Age Westerns; CHAPTER EIGHT: The Twilight Frontier; Bibliography; Index 330 $aLooks at a range of fiction and film texts, since 1950's, in order to analyse the ways in which masculinity has been represented in popular culture in Britain and the United States. This work covers numerous genres, including spy fiction, science fiction, the Western and police thrillers. 410 0$aContinuum literary studies. 606 $aMasculinity in motion pictures 606 $aMen in motion pictures 606 $aMasculinity in literature 606 $aMen in literature 606 $aEnglish fiction$y20th century$xHistory and criticism 606 $aAmerican fiction$y20th century$xHistory and criticism 608 $aElectronic books. 615 0$aMasculinity in motion pictures. 615 0$aMen in motion pictures. 615 0$aMasculinity in literature. 615 0$aMen in literature. 615 0$aEnglish fiction$xHistory and criticism. 615 0$aAmerican fiction$xHistory and criticism. 676 $a700/.453 700 $aBaker$b Brian$f1969-$0935633 801 0$bMiAaPQ 801 1$bMiAaPQ 801 2$bMiAaPQ 906 $aBOOK 912 $a9910458127903321 996 $aMasculinity in fiction and film$92107570 997 $aUNINA